<?xml version="1.0" encoding="UTF-8"?>
<record
    xmlns:xsi="http://www.w3.org/2001/XMLSchema-instance"
    xsi:schemaLocation="http://www.loc.gov/MARC21/slim http://www.loc.gov/standards/marcxml/schema/MARC21slim.xsd"
    xmlns="http://www.loc.gov/MARC21/slim">

  <leader>00797nam a2200217Ia 4500</leader>
  <controlfield tag="003">IN-BaIIA</controlfield>
  <controlfield tag="008">211028s9999    xx            000 0 eng d</controlfield>
  <datafield tag="020" ind1=" " ind2=" ">
    <subfield code="a">0-7923-6974-2</subfield>
  </datafield>
  <datafield tag="040" ind1=" " ind2=" ">
    <subfield code="c">IIA Library</subfield>
  </datafield>
  <datafield tag="080" ind1=" " ind2=" ">
    <subfield code="a">52(082.2)</subfield>
    <subfield code="b">HIG-2</subfield>
  </datafield>
  <datafield tag="111" ind1=" " ind2=" ">
    <subfield code="a">Scientific Meeting of Spanish Astronomical Society</subfield>
    <subfield code="n">4th</subfield>
    <subfield code="c">Spain</subfield>
    <subfield code="d">2000 Sep. 11-14</subfield>
    <subfield code="9">25801</subfield>
  </datafield>
  <datafield tag="245" ind1=" " ind2="0">
    <subfield code="a">Highlights of Spanish astrophysics II</subfield>
    <subfield code="b">proceedings of the 4th scientific meeting of Spanish Astronomical Society, Santiago de Comostela, Spain, September 11-14, 2000</subfield>
    <subfield code="c">edited by J. Zamorano</subfield>
  </datafield>
  <datafield tag="260" ind1=" " ind2=" ">
    <subfield code="a">London</subfield>
    <subfield code="b">Kluwer Academic</subfield>
    <subfield code="c">2001</subfield>
  </datafield>
  <datafield tag="300" ind1=" " ind2=" ">
    <subfield code="a">xxii, 409p.</subfield>
  </datafield>
  <datafield tag="650" ind1=" " ind2=" ">
    <subfield code="a">Astronomy</subfield>
    <subfield code="9">80</subfield>
  </datafield>
  <datafield tag="650" ind1=" " ind2=" ">
    <subfield code="a">Cosmology</subfield>
  </datafield>
  <datafield tag="700" ind1=" " ind2=" ">
    <subfield code="a">Gallego, J., ed.</subfield>
    <subfield code="9">25802</subfield>
  </datafield>
  <datafield tag="700" ind1=" " ind2=" ">
    <subfield code="a">Gorgas, J., ed.</subfield>
    <subfield code="9">25803</subfield>
  </datafield>
  <datafield tag="700" ind1=" " ind2=" ">
    <subfield code="a">Zamorano, J., ed.</subfield>
    <subfield code="9">25804</subfield>
  </datafield>
  <datafield tag="942" ind1=" " ind2=" ">
    <subfield code="c">BK</subfield>
  </datafield>
  <datafield tag="999" ind1=" " ind2=" ">
    <subfield code="c">14526</subfield>
    <subfield code="d">14526</subfield>
  </datafield>
  <datafield tag="952" ind1=" " ind2=" ">
    <subfield code="0">0</subfield>
    <subfield code="1">0</subfield>
    <subfield code="4">0</subfield>
    <subfield code="7">0</subfield>
    <subfield code="a">BAN</subfield>
    <subfield code="b">BAN</subfield>
    <subfield code="c">GEN</subfield>
    <subfield code="d">2002-03-07</subfield>
    <subfield code="e">ANJ   </subfield>
    <subfield code="g">6660.35</subfield>
    <subfield code="l">0</subfield>
    <subfield code="o">52(082.2)/ HIG-2</subfield>
    <subfield code="p">15448</subfield>
    <subfield code="r">2021-11-05</subfield>
    <subfield code="v">6660.35</subfield>
    <subfield code="w">2002-03-07</subfield>
    <subfield code="y">BK</subfield>
    <subfield code="G">Rs. 6660.35  </subfield>
  </datafield>
</record>
